Republico de Colombia Departamento del Atlántico. (Registro nro. 18594)

Detalles MARC
000 -CABECERA
Campo de control 00969nem a2200241 u 4500
005 - FECHA Y HORA DE LA ULTIMA TRANSACCION
Campo de control 20160516155013.0
008 - ELEMENTOS DE LONGITUD FIJA—INFORMACION GENERAL
Campo de control 160516b1988 c ||||| |a|| 00| 0 spa d
040 ## - FUENTE DE CATALOGACIÓN
Agencia catalogadora original CO-BoIAVH
Agencia transcriptora CO-BoIAVH
041 ## - IDIOMA
Código de idioma para texto/pista de sonido o título separado Español
044 ## - PAÍS DE PUBLICACIÓN
País de publicación Colombia
090 ## - CLASIFICACIÓN LOCAL
Colección MC-
Consecutivo 0239
110 2# - ASIENTO PRINCIPAL--NOMBRE CORPORATIVO
Nombre corporativo o de jurisdicción como elemento de entrada Instituto Geográfico Agustín Codazzí.
245 1# - MENCION DE TITULO
Título Republico de Colombia Departamento del Atlántico.
Mención de responsabilidad Instituto Geográfico Agustín Codazzí, Ministerio de Hacienda y Crédito Público
Medio físico [Material Cartografico]/
255 ## - DATOS MATEMATICOS CARTOGRAFICOS
Mención de escala 1:100.000
260 ## - PUBLICACION, DISTRIBUCION, ETC. (PIE DE IMPRENTA)
Lugar de publicación, distribución, etc. Bogotá :
Nombre del editor, distribuidor, etc. IGAC,
Fecha de publicación, distribución, etc. 1988
300 ## - DESCRIPCION FISICA
Extensión 1 mapa :
Otros detalles físicos color ;
Dimensiones 99 x 69 cm
650 16 - ASIENTO SECUNDARIO DE MATERIA - TERMINO TEMATICO
Término temático o nombre geográfico como elemento de entrada Geografía
Subdivisión geográfica Atlántico (Colombia)
650 16 - ASIENTO SECUNDARIO DE MATERIA - TERMINO TEMATICO
Término temático o nombre geográfico como elemento de entrada Infraestructura
Subdivisión geográfica Atlántico (Colombia)
650 16 - ASIENTO SECUNDARIO DE MATERIA - TERMINO TEMATICO
Término temático o nombre geográfico como elemento de entrada Recursos de la tierra
Subdivisión geográfica Atlántico (Colombia)
650 16 - ASIENTO SECUNDARIO DE MATERIA - TERMINO TEMATICO
Término temático o nombre geográfico como elemento de entrada Divisiones Administrativas y Políticas
Subdivisión geográfica Atlántico (Colombia)
710 1# - ASIENTO SECUNDARIO - NOMBRE CORPORATIVO
Nombre corporativo o de jurisdicción como elemento de entrada Colombia
Unidad subordinada Ministerio de Hacienda y Crédito Público
942 ## - ELEMENTOS ADICIONALES (KOHA)
Sistema de clasificación Local
Tipo de ítem Mapa
Existencias
Withdrawn status Lost status Sistema de Clasificación Damaged status No para préstamo Colección Ubicación Permanente Ubicación actual Fecha de adquisición Total Checkouts Número topográfico Inventario / Código de Barras Date last seen Ejemplar Price effective from Tipo de material
    Local       Bogotá Bogotá 16/05/2016   MC-0239 040232 16/05/2016 Ej.1 16/05/2016 Mapa